[Event "Veterans-Women"]
[Site "Copenhagen"]
[Date "1997.??.??"]
[Round "6"]
[White "Zhu, Chen"]
[Black "Hort, Vlastimil"]
[Result "1-0"]
[WhiteElo "2515"]
[BlackElo "2510"]
[Annotator "Ribli,Z"]
[PlyCount "155"]
[EventDate "1997.07.23"]
[EventType "schev"]
[EventRounds "10"]
[EventCountry "DEN"]
[SourceTitle "CBM 061"]
[Source "ChessBase"]
[SourceDate "1997.11.23"]
[SourceVersion "1"]
[SourceVersionDate "1997.11.23"]
[SourceQuality "1"]

1. d4 Nf6 2. c4 d6 3. Nc3 e5 4. d5 {Eine relativ seltene Fortsetzung. Weiß
wartet nicht, sondern strebt sofort eine gesclossene Stellung an.Ribli.} Nbd7 (
4... Bf5 {Dieser Zug richtet sich gegen 5.e4, aber Schwarz kann das letztlich
nicht vermeiden.} 5. f3 e4 6. Qd4 $14) 5. e4 Nc5 6. f3 a5 {[%csl Gc5] Schwarz
verhindert 7.b4.} 7. Be3 Be7 8. Nge2 (8. Qd2 h6 9. O-O-O Nfd7 (9... Nh7 $1 10.
Kb1 Bg5 {Thorsteins,K-Zapata,A New York op 1989 CBM/12 47/(95)}) 10. g3 Bg5 11.
f4 Bf6 12. Nf3 g6 13. h4 a4 14. h5 Rg8 15. hxg6 Rxg6 16. f5 Rxg3 17. Qf2 Rg4
18. Rxh6 Nxe4 19. Nxe4 Rxe4 20. Bd3 Rg4 21. Rg1 {1-0 Ward,C-Casper,T/BL9697
Wuppertal-Erfurt 1997 (43)}) 8... O-O (8... h6 9. Nc1 O-O 10. Nd3 Nfd7 11. Bf2
g6 12. h4 {Seirawan,Y-Zapata,A New York op 1989 CBM/12}) 9. Qd2 Ne8 10. g4 Bh4+
$6 $146 {Dieser Zug gefällt mir nicht. Schwarz kommt Weiß mit diesem
Läuferschach entgegen.} (10... h6 11. O-O-O (11. Ng3 Bg5 12. Nf5 Bxf5 13. Bxg5
Qxg5 14. Qxg5 hxg5 15. gxf5 Nf6 16. Rg1 Nh7 17. Nb5 Rac8 18. f6 gxf6 19. Bh3
Rcd8 20. Nxc7 Kg7 {Paehtz,T-Treppner,G/BL2-W 1994/BL2/0-1 (57)}) 11... Bg5 12.
Bxg5 (12. Kb1 Bxe3 13. Qxe3 h5 14. gxh5 Qh4 15. Ng3 Nf6 {1/2-1/2 Zsinka,
L-Werner,D/Frankfurt 1990/CBM 20/[Ribli] (25)}) 12... Qxg5 13. Qxg5 hxg5 14. h4
gxh4 15. Rxh4 Nf6 16. Nb5 Bd7 17. Nec3 Na6 18. Be2 g6 {1/2-1/2 Sokolsky,
A-Nezhmetdinov,R/URS-ch21 Kiev 1954/URS-ch (44)}) (10... g6 11. Ng3 Ng7 12. Bh6
Bh4 13. O-O-O f6 14. Be3 Bg5 15. h4 Bxe3 16. Qxe3 f5 17. gxf5 gxf5 18. exf5
Nxf5 19. Nxf5 Bxf5 20. Ne4 Bxe4 21. fxe4 Rf4 {0-1 Aaron,M-Gligoric,S/Hastings
1961/MCL 07 (41)}) (10... c6 11. Ng3 Nc7 12. O-O-O N7a6 13. h4 a4 14. Kb1 Qa5
15. dxc6 Nb3 16. axb3 axb3 17. Qd5 Nc5 18. Kc1 Qa1+ 19. Nb1 Ra2 20. Rh2 bxc6
21. Qd2 Na4 {0-1 Bertok,M-Sergievsky,V/Sochi 1966/MCD-r6 (31)}) 11. Ng3 g6 {
[%cal Ge8g7] Ohne diesen Zug kann Schwarz nicht leben. Jetzt ist Ne8-g7 und
eventuell auch der Bauernvorstoß f7-f5 möglich.} 12. O-O-O Ng7 13. Rg1 f6 (
13... f5 $2 14. gxf5 {[%cal Gg1g8]} gxf5 15. Nh5 (15. Nxf5 Bxf5 16. exf5 Rxf5
17. Bh3 Rf7 (17... Rxf3 18. Rxg7+ $18) 18. Bxc5 dxc5 19. Be6) 15... Rf7 16.
Bxc5 dxc5 17. Bh3 $16) 14. Kb1 Bd7 (14... Bg5 $5 15. Bd3 (15. Bxg5 fxg5 16. Be2
b6) 15... b6) 15. Bd3 {Weiß bereitet 16.Bc2 vor. Später soll der typrische
Plan b3,a3,b4 mit Raumgewinn am Damenflügel zur Anwendung kommen.} Nxd3 16.
Qxd3 Rf7 (16... b6 17. b3 $14) 17. c5 $14 {Weiß hat freie Hand am Damenflügel.
Schwarz bekommt -obwohl seine Stellung solide und verteidigungsfähig ist- kein
Gegenspiel.Ribli.} Ne8 18. Nb5 {[%csl Gb5]} Bg5 19. Bf2 (19. Bxg5 $2 fxg5 $15 {
[%csl Gf7][%cal Gf7f3]}) 19... a4 {[%cal Ga8a5]} 20. Na3 Qb8 (20... Qe7 21. Qc3
$14) 21. Rg2 $2 {Weiß wollte vielleicht 22.Bg1 und 23.Rc2 ziehen, weil sich 21.
Rc1 wegen des Bg5 verbietet. Dieser Plan scheint mir aber etwas langsam.} (21.
Ne2 $5 {[%cal Ge2c3]}) 21... Ra5 (21... dxc5 22. Bxc5 c6 23. Rc2 $14) 22. Qc4 (
22. cxd6 cxd6 $11 (22... Nxd6 23. Qc3)) 22... Qa8 23. cxd6 b5 $5 (23... cxd6
24. Bb6 Ra6 25. Qb4 $14) (23... Nxd6 $2 24. Qxc7 $16) 24. Qb4 cxd6 25. Ne2 Qd8
26. h4 Bh6 27. h5 $6 {Dieser Zug gefällt mir nicht. Weiß hat keine Initiative
am Königsflügel. Meiner Meinung nach wäre es daher besser, die Spannung
aufrecht zu halten und erst zu einem späteren Zeitpunkt g4-g5 oder h4-h5 zu
ziehen.} Ra8 (27... Bg5 28. hxg6 hxg6 29. Rh2 Rh7) 28. hxg6 hxg6 29. Rh2 Bg7 (
29... Bg5 30. Rdh1 {[%cal Rh1h8]}) 30. Be3 Qa5 {Die weiße Dame steht so aktiv
auf b4 - sie kontrolliert b5 und d6- daß Schwarz nicht um den Damentausch
herum kommt.} (30... Rb8 31. Nc3 {[%csl Gb4,Rb5]}) 31. Qxa5 Rxa5 32. Rdh1 Ra8
33. Nc2 {[%cal Gc2b4] Der weiße Springer strebt nach b4. Das schwarze
Läuferpaar ist noch ohne Bedeutung.} Rc8 34. Bd2 (34. Nb4 Rc4 35. a3 f5) 34...
f5 $11 {Endlich gelingt es Schwarz, die Stellung zu öffnen.} 35. gxf5 gxf5 36.
Bb4 {[%csl Rd6]} Nf6 (36... fxe4 $5 37. fxe4 Bg4 38. Nc3 {[%csl Rb5]} Bf3 39.
Rg1 (39. Rf1 Bxe4 40. Rxf7 Bxc2+ 41. Rxc2 Kxf7 42. Nxb5 Rxc2 (42... Rb8 43.
Nxd6+ Nxd6 44. Bxd6) 43. Kxc2 Ke7) 39... Rf4 {[%csl Re4]}) 37. Ng3 (37. Nc3
fxe4 38. fxe4 Rc4 39. Bxd6 Nxe4 40. Nxe4 Rxe4 $11) 37... fxe4 38. fxe4 Ng4 39.
Rg2 Bf8 (39... Rf6 40. Rhg1 {[%cal Gg1g8]}) 40. Rhg1 Rg7 41. Nh5 $16 Rg5 (41...
Rg6 42. Rxg4 Bxg4 43. Rxg4 {Führt zur Partiefortsetzung.}) {[#]} 42. Rxg4 $1 (
42. Ne3 Rxh5 43. Nxg4 Bxg4 44. Rxg4+ $14 {[%cal Gg1g8]}) (42. Nf6+ Nxf6 43.
Rxg5+ Kf7 {Weiß hat eine Qualität mehr, Schwarz kann sich aber mit dem
Läuferpaar verteidigen. Die Partiefortsetzung ist viel besser.}) 42... Bxg4 43.
Rxg4 Rxg4 44. Nf6+ Kf7 45. Nxg4 $16 {Weiß hat zwei Leichtfiguren für den Turm,
und der Pb5 stellt eine ewige Schwäche dar. Der schwarzfeldrige Bf8 hat keine
Angriffspunkte.} Kg6 46. Nf2 Kg5 47. Bd2+ $5 (47. Kc1 Kf4 48. Kd2 Kf3 {[%csl
Gf3]}) 47... Kh4 48. Nd1 Kg3 {[%csl Gg3]} 49. Nc3 Kf3 {[%csl Gf3] Schwarz hat
eine sehr gute Königsstellung. Weiß sieht sich vor das Problem gestellt, den
schwarzen Monarchen nicht so leicht verjagen zu können.} 50. a3 Rc4 51. Nb4 (
51. Ne1+ Kg4 52. Kc2 b4 {Mit jedem Tausch wird es einfacher für Schwarz.} 53.
axb4 Rxb4 54. Nd3 Rc4) 51... Rxe4 $5 {Schwarz opfert eine Figur, weil die
Wartetaktik zu nichts führt.} (51... Be7 52. Kc2 Bd8 53. Nc6 Bb6 54. Kd3 $18)
52. Nxe4 Kxe4 53. Kc2 Kd4 54. Kd1 Kc4 55. Bc3 Bh6 56. Ke2 e4 $8 (56... Bc1 57.
Kf3 Kb3 58. Nd3 Bg5 59. Ke4 $18) 57. Bf6 Bf4 58. Bg7 Kc5 59. Kd1 Kc4 60. Kc2 {
Die erste Aufgabe ist gelöst: Schwarz hat einen schwachen Pe4.} Be3 61. Na2 {
[%cal Ga2c3]} Bc5 (61... Kxd5 62. Nc3+ Kc4 63. Nxe4 d5 (63... b4 64. Nxd6+ Kc5
65. Nf5 bxa3 66. Nxe3 a2 67. b3 $18 {Springer und Läufer gewinnen leicht gegen
den König.}) 64. Nd6+ Kc5 65. Nf5 Bf4 66. Kd3 $18) 62. Bf6 Bb6 (62... Kxd5 63.
Nc3+ Ke6 (63... Kc4 64. Nxe4 b4 65. Nxc5 Kxc5 {Die einzige Remischance ist
eine Stellung, in der Weiß den a-Bauern und den Läufer behält.} (65... dxc5 66.
axb4 cxb4 67. Be7 $18) 66. axb4+ Kxb4 67. Be7 $18) 64. Nxe4 $18) 63. Bh4 e3 64.
Be1 Bd4 (64... Kxd5 {Die aktive Stellung des Kc4 ist wichtiger als der Pd5.}
65. Kd3 $18) 65. Bb4 Kxd5 (65... Be5 66. Nc3 Bf4 67. Kd1 {[%cal Gd1e2]} Kd3 68.
Nxb5 $4 (68. Ne2 {Weiß gewinnt, muß aber Schritt für Schritt vorangehen.} Be5
69. Bc3 Bh2 70. Nc1+ Kc4 71. Ke2 Bg1 72. Kf3 Kxd5 73. Ne2 Bh2 74. Kxe3 $18)
68... e2+ 69. Ke1 Bg3#) 66. Nc3+ Kc4 67. Bxd6 Bb6 68. Ne2 Ba7 69. Bb4 Bb6 70.
Ng3 Kd4 71. Bc3+ Kc4 72. Ne4 Bc7 (72... Ba7 73. Nd6+ Kc5 74. Bb4+ Kc6 75. Kd3
e2 76. Ne4 (76. Kxe2 Bd4 {Das gewinnt auch für Weiß.})) 73. Bb4 e2 (73... Be5
74. Nd6+ Bxd6 75. Bxd6 e2 76. Bb4 $18) 74. Be1 Be5 75. Nd2+ Kd5 76. Nf3 Bd6 (
76... Bf6 77. Bc3 $18) 77. Kd3 Bf8 78. Bc3 {Und Schwarz gab auf, da der
Gewinnweg leicht zu finden ist.Ribli.} (78. Bc3 Be7 79. Kxe2 Kc4 80. Nd2+ $18)
1-0

[Event "United Insurance 4th"]
[Site "Dhaka"]
[Date "1999.02.26"]
[Round "8"]
[White "Ehlvest, Jaan"]
[Black "Murshed, Niaz"]
[Result "1-0"]
[WhiteElo "2593"]
[BlackElo "2470"]
[Annotator "Ribli,Z"]
[PlyCount "67"]
[EventDate "1999.02.19"]
[EventType "tourn"]
[EventRounds "13"]
[EventCountry "BAN"]
[EventCategory "10"]
[SourceTitle "CBM 070"]
[Source "ChessBase"]
[SourceDate "1999.06.08"]
[SourceVersion "1"]
[SourceVersionDate "1999.06.08"]
[SourceQuality "1"]

{[%mdl 68]} 1. d4 Nf6 2. c4 d6 3. Nf3 Bg4 {Schwarz wählt die einfache Lösung
zur Entwicklung seines Damenläufers. Er möchte ihn auf f3 tauschen. Ich denke,
es wäre besser, mit 3...g6 in die Königsindische Verteidigung überzugehen.
Ribli.} 4. Nc3 g6 5. e4 Bxf3 6. Qxf3 $5 {Dies scheint mir natürlicher als die
Alternative. Weiß besitzt das Läuferpaar und Raumvorteil, aber es ist wahr,
daß Schwarz Gegenspiel auf den schwarzen Feldern hat.} (6. gxf3 c6 (6... Nbd7
7. f4 e6 8. Be2 Be7 9. Be3 c6 10. Qc2 d5 11. f5 exf5 12. exf5 dxc4 13. Bxc4 Nb6
14. Bb3 Nbd5 15. O-O-O Qd7 16. Bg5 O-O {1/2-1/2 Sorensen,B-Sloth,J/Hjorring
1971/MCD (16)}) 7. Be3 Nbd7 (7... e6 8. f4 Nbd7 9. Bg2 Qc7 10. O-O Be7 11. Rc1
O-O 12. Kh1 Nh5 13. f5 exf5 14. exf5 Ndf6 15. Rg1 Kh8 16. Qf3 Rae8 {0-1 Kluger,
G-Petrosian,T/Leipzig 1960/EXT 99 (40)}) 8. b4 e6 9. Rb1 Nh5 10. Be2 Qh4 11. h3
Be7 12. Qc1 O-O 13. c5 d5 14. e5 f6 15. f4 fxe5 16. fxe5 Nxe5 17. dxe5 d4 {
0-1 Kovacevic,V-Petrosian,T/Zagreb 1970/MCD (50)}) 6... Nc6 {[%csl Yd4]} (6...
Nfd7 7. e5 (7. Bg5 Bg7 8. Qd1 Nc6 9. d5 Nd4 10. Be2 (10. Be3 $5) 10... c5 11.
dxc6 bxc6 12. Qd2 Qa5 13. Rc1 Rb8 14. Bd1 Nc5 15. O-O Qb4 16. b3 Nde6 17. Be3
Bxc3 18. Qxc3 Qxc3 19. Rxc3 Nxe4 20. Rc2 c5 {0-1 Grimm,S-Knippel,M/NRW-I 1991/
TD (76)}) (7. Be3 $5) 7... Nc6 8. exd6 Nxd4 9. Qe4 e5 10. dxc7 Qxc7 11. Nd5 Qd6
12. Bf4 Ne6 13. Be3 Bg7 14. O-O-O O-O 15. Nb6 Qxd1+ 16. Kxd1 axb6 17. a3 {
0-1 Pachman,L-Petrosian,T/Portoroz 1958/IZT (36)}) 7. d5 $5 (7. Qd1 Bg7 8. Be3
O-O 9. Be2 e5 10. d5 Nd4 $5 11. Bxd4 exd4 12. Qxd4 Re8 13. Qd3 Nd7 14. f3 f5
15. O-O Nc5 16. Qc2 fxe4 17. fxe4 Qg5 18. Qc1 Qxc1 {1/2-1/2 Atalik,S-Soltis,A/
San Francisco 1998/CBM 66 (18)}) (7. Be3 e5) 7... Nd4 8. Qd1 c5 (8... e5 9.
dxe6 Nxe6 10. Be3 $14) 9. dxc6 Nxc6 10. g3 $5 {Weiß entwickelt den Läufer auf
die lange Diagonale, aber auch die natürliche Entwicklung 10.Be2 bietet ihm
leichten positionellen Vorteil.} (10. Be2 Bg7 11. O-O O-O 12. Be3 $14) 10...
Bg7 11. Bg2 O-O 12. O-O Rc8 {[%csl Rc4][%cal Rc6e5,Re5c4]} 13. Rb1 $5 {Auf
diese Weise vermeidet Weiß Motive in der h8-a1-Diagonalen.} (13. b3 $2 Nxe4 $17
{[%csl Ra1]}) 13... a6 14. b3 $14 {[%csl Yd5][%cal Gg7a1] Weiß hat Raumvorteil
und das Läuferpaar, aber die schwarze Stellung ist fest. Weiß entfaltet
positionellen Druck gegen das Feld d5, während Schwarz einen guten Läufer auf
g7 hat.} Nd7 {[%cal Gd7c5]} 15. Bd2 Nc5 {[%csl Gc5,Yd4]} 16. Nd5 {Weiß droht
17.b4 mit weiterem Raumgewinn.} e6 17. Ne3 a5 {[%csl Gc5] Schwarz sichert
seine Springerstellung auf c5. Er hat eine wirklich feste Stellung, aber es
ist nicht klar, wie er vorankommen kann.} 18. Nc2 Ra8 (18... f5 $6 19. exf5 {
[%cal Gg2b7]} gxf5 20. Re1 $14) 19. Qe2 (19. Bf4 Qb6 $5 (19... Ne5 20. Be3 $14
{[%cal Gf2f4]}) (19... Be5 20. Be3 {[%cal Gf2f4]}) 20. Bxd6 (20. Qxd6 Rad8 21.
Qc7 Qxc7 22. Bxc7 Rd2 $44) 20... Rfd8 21. Bxc5 Qxc5 $44 {[%csl Yd4][%cal Gg7a1]
Schwarz hat einen Minusbauern, aber sein Druck auf den schwarzen Feldern ist
spürbar.}) 19... Nd4 20. Nxd4 Bxd4 {[%csl Gd4]} 21. Kh1 {[%cal Gf2f4] Weiß
befreit sich von der Fesselung in der a7-g1-Diagonalen und plant später f2-f4
zu ziehen.} e5 22. Rbd1 {[%cal Gd1d8] Der Turm war überflüssig auf b1. Weiß
möchte f2-f4 spielen, wonach Schwarz die Wahl hat. Wenn er nicht nimmt, hat
Weiß freie Hand am Königsflügel, andernfalls entfaltet der weiße Turm in der
d-Linie Aktivitäten.} Re8 {[%cal Ge8e2]} 23. Be1 $1 {[%csl Ge1] Eine sehr
tiefer und großmeisterlicher Zug! Im Falle von ...Qb6 nebst ...a4 hat Weiß die
Möglichkeit b3-b4 zu ziehen und nach folgendem f2-f4 kann der Läufer über g3
aktiv werden.} (23. Bc1 Qb6 24. f4 a4 $132) 23... Qf6 (23... Ne6 24. f4 $36)
24. f4 $1 {[%cal Gf1f6]} exf4 (24... Qg7 25. f5 $16) 25. gxf4 {In dieser
Stellung steht der Läufer d4 unsicher.} Qg7 26. Qd2 {[%csl Rd4,Rd6]} Bf6 27.
Qd5 {[%csl Gd5] Die weiße Dame beherrscht das Brett. Schwarz hat eine
schwerwiegende Schwäche auf d6 und kann wegen der Schwäche auf a5 nicht ...
Rad8 spielen.} (27. Qxd6 $2 Rad8 {[%cal Rd8d1]}) 27... b6 28. Bg3 $16 {[%csl
Gd5,Rd6,Gg2,Gg3] Weiß hat klares Übergewicht. Die Bauern auf b6 und d6 sind
schwach, die schwarze Dame steht passiv auf g7 und das weiße Läuferpaar ist
lebendig.} Rad8 29. Qc6 {[%csl Rb6,Rd6]} h5 {[%cal Gh5h4] Nachdem die Lage des
Schwarzen positionell schwierig ist, sucht er nach taktischen Gegenchancen.} (
29... Rc8 30. Qxb6 Nxe4 31. Bxe4 Rxe4 32. Rxd6 $16) 30. e5 $1 {Weiß opfert
zeitweilig einen Bauern, bekommt so das Feld d5 für den Läufer.} dxe5 31. fxe5
Bxe5 32. Bd5 {[%csl Gd5,Rf7,Rg8][%cal Rd5g8] Der starke Läufer d5 entscheidet
die Partie.} Bxg3 (32... Ne6 33. Bxe6 fxe6 34. Rxd8 Rxd8 35. Qxe6+ $18 {
[%cal Re6g8,Re6e5]}) (32... Rf8 33. Bxe5 Qxe5 34. Qxg6+ {[%cal Gd5g8]} Qg7 35.
Qxb6 $18) (32... Rxd5 33. Qxe8+ $18) 33. Rxf7 $18 Re6 (33... Qxf7 34. Qxg6+ Kh8
35. Qxf7 $18) 34. Bxe6 {Und Schwarz muß wegen seines großen materiellen
Nachteils aufgeben.} (34. Bxe6 Rxd1+ 35. Rf1+ {[%cal Re6g8]} Kh7 36. Rxd1 $18)
(34. Rxg7+ Kxg7 35. Bxe6 Rxd1+ 36. Kg2 $18) 1-0

[Event "Voskresensk"]
[Site "Voskresensk"]
[Date "1992.??.??"]
[Round "?"]
[White "Boguslawsky, Maxim"]
[Black "Iuldachev, Saidali"]
[Result "0-1"]
[WhiteElo "2420"]
[BlackElo "2370"]
[Annotator "Ribli,Z"]
[PlyCount "76"]
[EventDate "1992.??.??"]
[EventType "tourn"]
[EventRounds "11"]
[EventCountry "RUS"]
[EventCategory "9"]
[SourceTitle "CBM 031"]
[Source "ChessBase"]
[SourceDate "1992.12.01"]
[SourceVersion "1"]
[SourceVersionDate "1992.12.01"]
[SourceQuality "1"]

1. d4 Nf6 2. c4 d6 3. Nf3 Nbd7 4. Nc3 c6 5. Qc2 e5 (5... Qc7 6. e3 (6. Bg5 $5)
6... g6 7. Be2 Bg7 8. O-O O-O 9. b3 e5 10. Ba3 exd4 11. Nxd4 Nc5 12. Rad1 Re8
13. h3 Bd7 14. Bf3 Rad8 15. Rd2 a5 16. Rfd1 Bc8 17. Qc1 Qb6 18. Nde2 $14 {
Solozhenkin,E-Kavalerov,A Leningrad 1990 EXP/18}) (5... a6 6. Bg5 h6 7. Bh4 g5
8. Bg3 Nh5 9. e3 Bg7 10. Be2 Ndf6 11. O-O-O Qa5 12. Nd2 Bf5 13. Bd3 Bxd3 14.
Qxd3 Nxg3 15. hxg3 O-O-O $13 {Sokolin,L-Zagrebelny,S URS-chT Azov 1991 CBM/25})
6. Bg5 Qa5 {-> A 54} 7. Rb1 $2 (7. Bh4 $1 Be7 8. e3 O-O 9. Bd3 exd4 10. Nxd4
Ne5 11. Bxh7+ Nxh7 12. Bxe7 Re8 13. Bxd6 Nxc4 14. Bg3 $14 {Keres-Tolus URS-ch
1950}) (7. O-O-O $6 Be7 8. c5 $2 (8. e3 O-O 9. Kb1 $13) 8... exd4 9. cxd6 dxc3
10. dxe7 cxb2+ 11. Qxb2 Qc5+ 12. Kb1 Qxe7 13. e4 Qc5 14. Rd4 O-O 15. Bc4 Nb6
$15 {Ornstein-Kavalek Nice ol 1974 17/114}) 7... e4 8. b4 Qf5 9. Bxf6 Nxf6 10.
Nd2 e3 $1 $17 11. Nde4 Nxe4 12. Qxe4+ Qxe4 13. Nxe4 Bf5 14. Rb3 Bxe4 15. Rxe3
d5 16. cxd5 cxd5 17. f3 Bxb4+ 18. Kd1 O-O-O 19. Rb3 Bd6 20. fxe4 dxe4 21. e3 f5
22. g3 h5 23. Bc4 g6 24. Ke2 Rh7 25. Rb5 Rc7 26. Be6+ Kb8 27. Rhb1 Bf8 28. a4
Rd6 29. Bd5 b6 30. Kd2 $2 Bh6 31. a5 Rcd7 32. Bg8 (32. axb6 Rxd5 33. bxa7+ Ka8
$1 $19) 32... Rxd4+ 33. Ke1 Bxe3 34. axb6 a6 $1 35. Re5 Kb7 36. Be6 R7d6 37.
Bf7 Bd2+ 38. Kf1 Bb4 0-1

[Event "Altensteig"]
[Site "Altensteig"]
[Date "1990.??.??"]
[Round "4"]
[White "Paehtz, Thomas Sr"]
[Black "Hickl, Joerg"]
[Result "0-1"]
[WhiteElo "2445"]
[BlackElo "2480"]
[Annotator "Ribli,Z"]
[PlyCount "108"]
[EventDate "1990.07.??"]
[EventType "tourn"]
[EventRounds "11"]
[EventCountry "GER"]
[EventCategory "9"]
[SourceTitle "CBM 020"]
[Source "ChessBase"]
[SourceDate "1991.02.01"]
[SourceVersion "1"]
[SourceVersionDate "1991.02.01"]
[SourceQuality "1"]

1. d4 Nf6 2. c4 d6 3. Nc3 Nbd7 4. e4 e5 5. Nge2 c6 6. d5 a6 7. a4 a5 $1 8. Ng3
h5 $5 9. Bd3 Nc5 10. Bc2 h4 11. Nf5 g6 12. Ne3 Nh5 13. Ne2 Bg7 14. O-O Na6 15.
Ra3 Nb4 16. Bb1 c5 17. Nc3 Nf4 18. Nb5 Kf8 19. Qf3 Kg8 20. Re1 Ra6 21. Kh1 Bd7
22. Nd1 Bh6 {/\ Nxg2} 23. Ne3 Qc8 24. h3 Bg5 25. Ng4 Qd8 26. Nh2 Qe7 27. Nc3
Ra8 28. Ne2 Nh5 29. Bxg5 Qxg5 30. Qe3 Qxe3 31. fxe3 Kf8 32. Nf3 Ng7 33. Nc3 Ke7
34. Nb5 Raf8 35. Rc3 f6 36. b3 g5 37. Nh2 Nh5 38. Ng4 f5 39. exf5 Ng3+ 40. Kh2
Nxf5 41. Bxf5 Bxf5 42. e4 Bd7 43. Ne3 Rf4 44. Nc2 Rhf8 45. Nxb4 axb4 46. Rc2
Rf1 47. Rxf1 Rxf1 48. Re2 g4 49. hxg4 Bxg4 50. Re3 Rf2 51. Kg1 Re2 52. Rd3 Rxe4
53. Nc7 Re1+ 54. Kh2 e4 0-1

[Event "Biel Mixed"]
[Site "Biel"]
[Date "1991.??.??"]
[Round "7"]
[White "Cramling, Pia"]
[Black "Summermatter, Daniel"]
[Result "1/2-1/2"]
[WhiteElo "2485"]
[BlackElo "2350"]
[Annotator "Ribli,Z"]
[PlyCount "56"]
[EventDate "1991.07.??"]
[EventType "tourn"]
[EventRounds "11"]
[EventCountry "SUI"]
[EventCategory "9"]
[SourceTitle "CBM 025"]
[Source "ChessBase"]
[SourceDate "1991.12.01"]
[SourceVersion "1"]
[SourceVersionDate "1991.12.01"]
[SourceQuality "1"]

1. d4 Nf6 2. c4 d6 3. Nf3 c6 4. Nc3 Bg4 5. e4 Nbd7 (5... Bxf3 6. Qxf3 Nbd7 7.
Qd1 e5 8. Be2 Be7 9. O-O O-O 10. Be3 $14 {Piket,J-Van der Wiel,J Amsterdam
OHRA-B 1989 CBM/14}) (5... e6 6. Be2 Be7 7. O-O O-O 8. Be3 Nbd7 9. d5 cxd5 10.
exd5 Bxf3 11. Bxf3 e5 12. b4 b6 13. Rc1 Qc7 14. Qb3 a6 15. g3 Rfc8 16. Be2 Qd8
17. f4 exf4 $2 18. gxf4 Bf8 19. Bf3 Qc7 20. Ne2 Re8 21. Nd4 $14 {Ftacnik,
L-Torre,E Lugano 1989 47/94}) 6. Be2 e6 7. O-O Qc7 8. Be3 Be7 9. Rc1 O-O 10.
Nd2 Bxe2 11. Qxe2 Qa5 12. g4 $5 d5 13. e5 Ne8 14. f4 f5 15. exf6 Bxf6 16. c5
Nc7 17. Rb1 Nb5 18. Nxb5 Qxb5 19. Qxb5 cxb5 20. Rbc1 Nb8 21. Nb1 Nc6 22. Rcd1
b6 23. cxb6 axb6 24. a3 b4 25. f5 exf5 26. Rxf5 bxa3 27. Nxa3 Rae8 28. Nc2 Ne7
1/2-1/2